| 000 | 00928cam a22002174a 4500 | ||
|---|---|---|---|
| 082 | 0 | 0 |
_a519.5 _bALD _cL-4, P-4 |
| 100 | 1 |
_aFung, Wing Kam. _939460 |
|
| 245 | 1 | 0 |
_aIntroduction to probability and statistics _cAlder, henry L. |
| 260 |
_aLondon ; _bW.H freeman Company _c1960. |
||
| 300 |
_aviii, 289 p. : _c25 cm. |
||
| 505 | 0 | _aIntroduction -- Probability and statistics -- Population genetics -- Parentage testing -- Testing for kinship -- Interpreting mixtures -- Interpreting mixtures in the presence of relatives -- Other issues. | |
| 526 |
_a0 _b0 _c0 _d519_500000000000000_ALD |
||
| 650 | 0 |
_aForensic genetics _xComputer programs. _939461 |
|
| 650 | 0 |
_aForensic genetics _xData processing. _939462 |
|
| 650 | 0 |
_aMCE _xStatistical methods. _939463 |
|
| 650 | 1 | 2 |
_aDNA Fingerprinting. _939464 |
| 650 | 1 | 2 |
_aForensic Genetics _xmethods. _939465 |
| 650 | 2 | 2 |
_aMCE _9379 |
| 650 | 2 | 2 |
_aStatistics as Topic. _936435 |
| 942 |
_2ddc _cBK |
||
| 999 |
_c543955 _d543955 |
||